00973nam a2200241 a 450000100100000000500170001000800410002704000250006808200140009324500770010725000110018426000300019530000240022549000520024949000130030150000320031450400740034670000450042083000590046583000200052495201700054499900170071400003381620200930070537.0110912s19uu sp a 000 0 spa d aDO-SdBNPbspacBNPHU axxxxbE7400aEscritores de indias /cselección, estudio y notas Manuel Ballesteros. a2a ed. aMadrid :bEbro,c[19--?]. av. :bil. ;c17 cm.1 aBiblioteca Clásica Ebro, Clasicos Españoles1 aProsav2 aLa biblioteca posee el v. 1 aIncluye referencias bibliográficas y notas al pie de las páginas.12aBallesteros, Manuel,d1911 - 2002959237 0aBiblioteca Clásica Ebro, Clasicos Españoles959238 0aProsav2959239 001050718MOaGRbGRcCTd2011-09-12iLF1l0oxxxx E74p33816-10r2020-06-25w2020-06-25y1zPerteneció a la biblioteca personal de Martínez BoogZNo se presta c33307d33307